Fotbalová cvičení a hry /

Hlavní autor: Votík, Jaromír, 1947-
Další autoři: Šrámková, Petra, Marvanová, Zdeňka, Benešová, Daniela
Jazyk: Čeština
Vydáno: Praha : Grada, 2011
Vydání: 2., dopl. vyd.
Edice: Děti a sport
Témata:
Fyzický popis: 152 s. : il. ; 21 cm
Knihy
Uloženo v:
LEADER 01849nam a2200541 a 4500
001 nkc20112177908
003 CZ PrNK
005 20170626123534.0
007 ta
008 110328s2011 xr a e f 000 0 cze
015 |a cnb002177908 
020 |a 978-80-247-3576-4  |q (brož.) 
035 |a (OCoLC)730408420 
040 |a OLA001  |b cze  |d BOA001 
072 7 |a 796  |x Sport. Hry. Tělesná cvičení  |2 Konspekt  |9 20 
080 |a 796.332  |2 MRF 
080 |a 316.346.32-053.2  |2 MRF 
080 |a 796.015  |2 MRF 
080 |a 796/799  |2 MRF 
080 |a (035)  |2 MRF 
100 1 |a Votík, Jaromír,  |d 1947-  |7 jn20001103652  |4 aut 
245 1 0 |a Fotbalová cvičení a hry /  |c Jaromír Votík ; [ilustrace Zdenka Marvanová, Daniela Benešová] 
250 |a 2., dopl. vyd. 
260 |a Praha :  |b Grada,  |c 2011 
300 |a 152 s. :  |b il. ;  |c 21 cm 
490 1 |a Děti a sport 
500 |a Dotisk 2016 
500 |a Autorka kapitoly Kompenzační, balanční a zpevňovací cvičení Petra Šrámková 
504 |a Obsahuje bibliografii 
650 0 7 |a fotbal  |7 ph114578  |2 czenas 
650 0 7 |a děti  |7 ph114392  |2 czenas 
650 0 7 |a sportovní trénink  |7 ph125957  |2 czenas 
650 0 7 |a sportovní hry  |7 ph138111  |2 czenas 
650 0 9 |a soccer  |2 eczenas 
650 0 9 |a children  |2 eczenas 
650 0 9 |a sports training  |2 eczenas 
650 0 9 |a sports games  |2 eczenas 
655 7 |a příručky  |7 fd133209  |2 czenas 
655 9 |a handbooks and manuals  |2 eczenas 
700 1 |a Šrámková, Petra  |7 xx0135631  |4 aut 
700 1 |a Marvanová, Zdeňka  |7 jx20050609020  |4 ill 
700 1 |a Benešová, Daniela  |7 mzk2005269688  |4 ill 
830 0 |a Děti a sport  |0 s 
910 2 |a BOA001  |b 2-1265.745 
990 |a BK 
995 |a 01 
991 |b 201105  |c NOV  |e n 
996 6 |b 2610465935  |c 2-1265.745  |l MZK  |r Sklad / do 1 hodiny  |n 11  |p p.v.  |w 001179732  |u 000010  |a 1  |e BOA001  |j MZK50  |s P